Panorama de la literatura actual
Salvato in:
| Autore principale: | |
|---|---|
| Natura: | Libro |
| Lingua: | spagnolo |
| Pubblicazione: |
Santiago
Ercilla
1935
|
| Edizione: | 2a. ed |
| Serie: | Biblioteca América, 4
|
| Soggetti: | |
| Tags: |
Aggiungi Tag
Nessun Tag, puoi essere il primo ad aggiungerne!!
|
MARC
| LEADER | 00000nam a2200000 a 4500 | ||
|---|---|---|---|
| 001 | UCX5937 | ||
| 003 | CL-VaPUC | ||
| 008 | 930315e19350000CL |||||||||||||||||spa|d | ||
| 082 | 0 | 4 | |a Ch864 |b SAN |2 21 |
| 100 | 0 | |a Sánchez, Luis Alberto |e author |9 322289 | |
| 245 | 1 | 0 | |a Panorama de la literatura actual |
| 250 | |a 2a. ed | ||
| 300 | |a 211 p | ||
| 942 | |c BK | ||
| 945 | |d 19930315 00:00:00 | ||
| 260 | |a Santiago |b Ercilla |c 1935 | ||
| 650 | 0 | |a Literatura contemporánea |9 321959 | |
| 650 | 7 | |a LITERATURA SIGLO 20 |2 CL-VaPUC |9 313706 | |
| 583 | |a last modification |c 19930315 00:00:00 |k Rodrigo Vera | ||
| 490 | 0 | |a Biblioteca América, 4 | |
| 999 | |c 226054 |d 226052 | ||
| 952 | |0 0 |1 0 |4 0 |6 CH_864_000000000000000_SAN_1935 |7 0 |8 A |9 224105 |a BIBEDU |b BIBEDU |d 2019-11-15 |i 2929422 |o Ch864 SAN 1935 |p 2929422 |r 2019-11-15 |w 2019-11-15 |y BK |k LIT | ||